| 000 | 00374nam a22001577a 4500 | ||
|---|---|---|---|
| 005 | 20160628110114.0 | ||
| 008 | 160628b xxu||||| |||| 00| 0 eng d | ||
| 020 | _a81-8209-076-8 | ||
| 041 | _aeng | ||
| 082 | _b10744 | ||
| 245 | _aObjective English for Competitive Examinations | ||
| 260 | _bVijay Nicola | ||
| 300 | _aSQP-116 | ||
| 650 |
_aManagement _9241 |
||
| 942 | _cBK | ||
| 999 |
_c4388 _d4387 |
||